000 00501nmm a2200169Ia 4500
008 251105s9999||||xx |||||||||||||||||und||
020 _a9788496290204
041 _aspa
100 _aPonce, Pedro
245 0 _aBreve relación de los dioses y ritos de la gentilidad
264 _a[Madrid, España] :
_bLinkgua,
_c2011
300 _a32 páginas
490 _aHistoria
650 _aHistory of the Americas: Latin America
856 _uhttps://public.digitaliapublishing.com/a/16437
942 _cCF
999 _c89730
_d89730